000 01073nam a22003137a 4500
003 CHAP
005 20220329140630.0
008 971013s1982 r 00010 d
010 _a55053
011 _a56025
035 _a60178
040 _cCHAP
090 _aTesis
100 0 0 _aSantoscoy Mejía, Eduardo Carlos.
_9102553
245 _aEstudio comparativo de bacterinas contra coriza infecciosa propagadas en diferentes medios
260 _aMéxico, D.F. :
_bEl autor,
_c1982
300 _a44 h.
_b: gráfs.
502 _aTesis (Médico Veterinario Zootecnista) -- UNAM. Fac. de Medicina Veterinaria y Zootecnista
590 _aALEPH
_b10
_c20130110
_lUCH01
_h1332
590 _aBATCH-UPD
_b10
_c20130110
_lUCH01
_h0745
590 _aBATCH-UPD
_b10
_c20130410
_lUCH01
_h0426
590 _aBATCH-UPD
_b10
_c20130914
_lUCH01
_h0353
590 _aCONVERSION
_b10
_c20130109
_lUCH01
_h1330
650 1 4 _aAntibióticos en veterinaria.
_96053
650 1 4 _aAves de corral
_xEnfermedades.
_98646
901 _aBK
942 _cTESIS
949 _bBC
_cTES
_d-129796
_eTS1
_i60178
_si
999 _c55053
_d55053